Wird geladen...

Myth=mithya : a hand book of hindu mythology

Bibliographische Detailangaben
1. Verfasser: Devdutt Pattanaik
Format: Printed Book
Veröffentlicht: New Delhi Penguin 2006
Schlagworte:
LEADER 00682nam a22002051a 4500
020 |a 9780143099703  |c 0.00 
040 |a SSUS - Library - Kalady 
082 |a 294.513  |b DEV/M 
100 |a Devdutt Pattanaik 
245 |a Myth=mithya : a hand book of hindu mythology  |h [Text] 
260 |a New Delhi  |b Penguin  |c 2006 
300 |a 212p. 
600 |a Hinduism Mythology 
600 |a Hinduism 
600 |a Mythology Hinduism 
600 |a Religion 
852 |h 294.513  |i DEV/M  |p 054892  |9 250.00  |t 0 
942 |c BK 
999 |c 30026  |d 30026 
952 |0 0  |1 0  |4 0  |6 294_513000000000000_DEV_M  |7 0  |9 43202  |a SSUS  |b SSUS  |d 2015-01-08  |g 250.00  |l 1  |o 294.513 DEV/M  |p 054892  |r 2017-04-07  |s 2015-05-06  |v 0.00  |w 2015-01-08  |y BK